<?xml version="1.0" encoding="UTF-8"?>
<collection xmlns="http://www.loc.gov/MARC21/slim">
  <record>
    <leader>00000nam  2200000   4500</leader>
    <controlfield tag="001">000187</controlfield>
    <datafield tag="020" ind1=" " ind2=" ">
      <subfield code="9">786238397259</subfield>
    </datafield>
    <datafield tag="082" ind1=" " ind2=" ">
      <subfield code="3">02.200</subfield>
    </datafield>
    <datafield tag="100" ind1=" " ind2=" ">
      <subfield code="S">abrina Osaka</subfield>
    </datafield>
    <datafield tag="245" ind1=" " ind2=" ">
      <subfield code="S">alad segar komunikasi</subfield>
    </datafield>
    <datafield tag="250" ind1=" " ind2=" ">
      <subfield code="C">etakan I</subfield>
    </datafield>
    <datafield tag="264" ind1=" " ind2=" ">
      <subfield code="Y">ogyakarta: CV. Sinyuu Japanindo 2024</subfield>
    </datafield>
    <datafield tag="300" ind1=" " ind2=" ">
      <subfield code="9">0 Halaman; 12 x 18 cm</subfield>
    </datafield>
    <datafield tag="650" ind1=" " ind2=" ">
      <subfield code="S">osiologi</subfield>
    </datafield>
    <datafield tag="905" ind1=" " ind2=" ">
      <subfield code="3">02.2 SAB s</subfield>
    </datafield>
    <datafield tag="336" ind1=" " ind2=" ">
      <subfield code="a"/>
    </datafield>
    <datafield tag="337" ind1=" " ind2=" ">
      <subfield code="a"/>
    </datafield>
    <datafield tag="338" ind1=" " ind2=" ">
      <subfield code="a"/>
    </datafield>
    <controlfield tag="005">20260702151432.0</controlfield>
    <controlfield tag="008">260702s2026\\\\\\\\\\\\\\\\\\\\\\\\\\\\\\\\\\\\\\\\\</controlfield>
  </record>
</collection>
